[Event "Leipzig VfB op 13th"]
[Site "Leipzig"]
[Date "2006.03.17"]
[Round "6"]
[White "Grosse, Marcus"]
[Black "Gerstmann, Sebastian"]
[Result "1/2-1/2"]
[WhiteElo "1886"]
[BlackElo "1510"]
[PlyCount "49"]
[EventDate "2006.03.14"]
[EventType "swiss"]
[EventRounds "9"]
[EventCountry "GER"]
[SourceTitle "EXT 2008"]
[Source "ChessBase"]
[SourceDate "2007.11.25"]
[SourceVersion "1"]
[SourceVersionDate "2007.11.25"]
[SourceQuality "1"]

1. e4 c6 2. d4 d5 3. e5 Bf5 4. c3 e6 5. Be3 Qb6 6. Qb3 Nd7 7. Nd2 Be7 8. f4 Rc8 9. Ngf3 c5 10. Bb5 Qc7 11. Qa4 a6 12. Bxd7+ Qxd7 13. Qxd7+ Kxd7 14. h3 h5 15. g3 c4 16. Kf1 Nh6 17. Kg2 b5 18. a3 a5 19. Bf2 Ra8 20. Ra2 Bc2 21. Rc1 Bf5 22. Rca1 Bc2 23. Rc1 Bf5 24. Rca1 Bc2 25. Rc1 1/2-1/2

[Event "Leipzig VfB op 13th"]
[Site "Leipzig"]
[Date "2006.03.16"]
[Round "4"]
[White "Reichelt, Holger"]
[Black "Gerstmann, Sebastian"]
[Result "1/2-1/2"]
[WhiteElo "1939"]
[BlackElo "1510"]
[PlyCount "150"]
[EventDate "2006.03.14"]
[EventType "swiss"]
[EventRounds "9"]
[EventCountry "GER"]
[SourceTitle "EXT 2008"]
[Source "ChessBase"]
[SourceDate "2007.11.25"]
[SourceVersion "1"]
[SourceVersionDate "2007.11.25"]
[SourceQuality "1"]

1. d4 Nf6 2. Nf3 g6 3. c4 Bg7 4. Nc3 0-0 5. e4 d6 6. Be2 Nbd7 7. 0-0 e5 8. d5 a5 9. Ne1 Nc5 10. Qc2 Ne8 11. Be3 b6 12. Nd3 f5 13. f3 Nf6 14. Nxc5 bxc5 15. a3 Bd7 16. Rab1 a4 17. b3 axb3 18. Qxb3 Rb8 19. Qa2 Qe7 20. a4 Rfc8 21. a5 c6 22. a6 Be8 23. Rfc1 Nh5 24. Rb2 Qa7 25. Rcb1 Rxb2 26. Rxb2 Ra8 27. dxc6 Bxc6 28. Nb5 Qxa6 29. Qxa6 Rxa6 30. Nxd6 Ra1+ 31. Kf2 fxe4 32. Rb8+ Bf8 33. Bh6 Ng7 34. fxe4 Ra8 35. Rb6 Bd7 36. Rb7 Be6 37. Nb5 Ra2 38. Kf3 Bg4+ 39. Kxg4 Rxe2 40. Kf3 Rc2 41. Nd6 Rc3+ 42. Kg4 Rc2 43. Kf3 Rc3+ 44. Kf2 Rc2+ 45. Kf1 Rc3 46. g3 Rc2 47. h4 Rc3 48. Kf2 Rc2+ 49. Kg1 Ne6 50. Rb8 Rc3 51. Kh2 Rd3 52. Nb5 Kf7 53. Rb7+ Be7 54. Nc7 Nxc7 55. Rxc7 Ke6 56. Bg5 Rd7 57. Rxd7 Kxd7 58. Bd2 Ke6 59. Kg2 Bd8 60. Kf3 h5 61. Ke2 Kd7 62. Kd3 Kd6 63. Kc2 Kd7 64. Kb3 Kc6 65. Ka4 Bc7 66. Bg5 Kb6 67. Be7 Kc6 68. Bf6 Kb6 69. Bg5 Ka6 70. Be3 Bd6 71. Bd2 Bc7 72. Bc3 Bd6 73. Ba5 Bb8 74. Bd8 Bd6 75. Kb3 Kb7 1/2-1/2

[Event "Leipzig VfB op 12th"]
[Site "Leipzig"]
[Date "2005.03.05"]
[Round "8"]
[White "Gerstmann, Sebastian"]
[Black "Hochgraefe, Manuela"]
[Result "1-0"]
[WhiteElo "1396"]
[BlackElo "1372"]
[PlyCount "45"]
[EventDate "2005.01.03"]
[EventType "swiss"]
[EventRounds "9"]
[EventCountry "GER"]
[SourceTitle "EXT 2008"]
[Source "ChessBase"]
[SourceDate "2007.11.25"]
[SourceVersion "1"]
[SourceVersionDate "2007.11.25"]
[SourceQuality "1"]

1. f4 Nf6 2. Nf3 g6 3. e3 d6 4. d4 Bg7 5. Bd3 Bg4 6. 0-0 Nbd7 7. Nbd2 c5 8. c3 a6 9. a4 Rb8 10. h3 Be6 11. Qe2 Qc7 12. e4 cxd4 13. cxd4 Nh5 14. Qe3 Bh6 15. Ng5 Bxg5 16. fxg5 Nb6 17. b3 Qc3 18. Ba3 Bxb3 19. Rac1 Qa5 20. Bb2 Qxa4 21. d5 Rf8 22. Qxb6 Ng3 23. Rf3 1-0